Contribución al estudio de los tumores benignos del estómago (Record no. 131375)

MARC details
000 -LEADER
campo de control de longitud fija 00563nam a2200157 4500
001 - NÚMERO DE CONTROL
campo de control 131375
003 - IDENTIFICADOR DE NÚMERO DE CONTROL
campo de control ES-MaACL
005 - FECHA Y HORA DE LA ÚLTIMA TRANSACCIÓN
campo de control 20230906193952.0
007 - CAMPO FIJO DE DESCRIPCIÓN FÍSICA--INFORMACIÓN GENERAL
campo de control de longitud fija t|
008 - DATOS DE LONGITUD FIJA--INFORMACIÓN GENERAL
campo de control de longitud fija 070214s1943 ag r ||||1| spa d
100 1# - ENTRADA PRINCIPAL--NOMBRE DE PERSONA
Nombre de persona Rodríguez, Julio Víctor.
9 (RLIN) 98268
245 10 - MENCIÓN DEL TÍTULO
Título Contribución al estudio de los tumores benignos del estómago
Resto del título : casuística cronológica argentina /
Mención de responsabilidad, etc. Julio Víctor Rodríguez.
260 ## - PUBLICACIÓN, DISTRIBUCIÓN, ETC.
Lugar de publicación, distribución, etc. Buenos Aires :
Nombre del editor, distribuidor, etc. [s.n.],
Fecha de publicación, distribución, etc. 1943 (
Fabricante Tall. Gráf. de Aniceto López)
300 ## - DESCRIPCIÓN FÍSICA
Extensión 118 p. :
Otras características físicas il. ;
Dimensiones 25 cm.
852 ## - LOCALIZACIÓN
Ubicación ES-MaACL
Número de control de estantería 1895-F-13
Sublocalización o colección R.27153
Holdings
Estatus retirado Estado de pérdida Estado de daño No para préstamo Colección Biblioteca de origen Biblioteca actual Ubicación en estantería Fecha de adquisición Fuente de adquisición Total de préstamos Signatura topográfica completa Código de barras Visto por última vez Precio de reemplazo Tipo de ítem Koha
        Colección de folletos Biblioteca del Ateneo de Madrid Biblioteca del Ateneo de Madrid Depósito folletos 17/01/2008     1895-F-13 1136771 23/02/2023 23/02/2023 Folleto